[Event "Baia Mare Castanelor Cup 7th"]
[Site "Baia Mare"]
[Date "2021.11.28"]
[Round "4"]
[White "Morar, Ciprian"]
[Black "Breitkopf, Ioan Francisc"]
[Result "0-1"]
[WhiteElo "1637"]
[BlackElo "1869"]
[PlyCount "84"]
[EventDate "2021.11.28"]
[EventType "swiss (rapid)"]
[EventRounds "9"]
[EventCountry "ROU"]
[SourceTitle "CBM 205 Extra"]
[Source "ChessBase"]
[SourceDate "2022.01.31"]
[SourceVersion "1"]
[SourceVersionDate "2022.01.31"]
[SourceQuality "1"]

1. d4 d5 2. c4 e6 3. Nc3 Nf6 4. Bg5 Be7 5. e3 0-0 6. Nf3 h6 7. Bh4 a6 8. Be2 dxc4 9. Bxc4 b5 10. Bd3 Bb7 11. 0-0 Nbd7 12. Rc1 c5 13. Bb1 c4 14. a3 Nd5 15. Bxe7 Qxe7 16. Nxd5 exd5 17. Re1 f5 18. g3 a5 19. Nh4 Qg5 20. f4 Qg4 21. Bxf5 Qxd1 22. Rcxd1 Rfd8 23. Ng6 b4 24. axb4 axb4 25. Bxd7 Rxd7 26. Ne5 Rd6 27. Ra1 Rda6 28. Rxa6 Rxa6 29. Re2 Ra1+ 30. Kf2 Ba6 31. Rc2 Bb5 32. e4 b3 33. Rc3 Rb1 34. exd5 Rxb2+ 35. Kf3 Rc2 36. Re3 b2 37. Ra3 b1Q 38. Ra8+ Kh7 39. f5 Qh1+ 40. Kg4 Qe4+ 41. Kh3 Qxf5+ 42. g4 Qf1+ 0-1

[Event "Baia Mare Castanelor Cup 7th"]
[Site "Baia Mare"]
[Date "2021.11.28"]
[Round "2"]
[White "Morar, Ciprian"]
[Black "Casangiu, Paul Horatiu"]
[Result "0-1"]
[WhiteElo "1637"]
[BlackElo "1960"]
[PlyCount "54"]
[EventDate "2021.11.28"]
[EventType "swiss (rapid)"]
[EventRounds "9"]
[EventCountry "ROU"]
[SourceTitle "CBM 205 Extra"]
[Source "ChessBase"]
[SourceDate "2022.01.31"]
[SourceVersion "1"]
[SourceVersionDate "2022.01.31"]
[SourceQuality "1"]

1. e4 e5 2. Nf3 d6 3. d4 exd4 4. Nxd4 g6 5. Nc3 Bg7 6. Be3 Nf6 7. Be2 0-0 8. 0-0 Re8 9. Bf3 Nbd7 10. g3 Nc5 11. Bg5 h6 12. Bxf6 Qxf6 13. Ndb5 Ne6 14. Nd5 Qd8 15. Nbc3 c6 16. Nb4 Ng5 17. Bg2 h5 18. Re1 Bg4 19. f3 Qb6+ 20. Kh1 Qxb4 21. fxg4 Qxb2 22. Ne2 Qxa1 23. Qxa1 Bxa1 24. Rxa1 Nxe4 25. Nf4 hxg4 26. Kg1 Re7 27. Rd1 d5 0-1